Carregant...
A Textbook Of Health Education For Students in colleges
| Autor principal: | |
|---|---|
| Format: | Printed Book |
| Publicat: |
Tavistock Publications
1974
|
| LEADER | 00391nam a22001097a 4500 | ||
|---|---|---|---|
| 082 | |a 370 |b DAL | ||
| 100 | |a Dalzell - Ward, A | ||
| 245 | |a A Textbook Of Health Education For Students in colleges | ||
| 260 | |b Tavistock Publications |c 1974 | ||
| 942 | |c BK | ||
| 999 | |c 316808 |d 316808 | ||
| 952 | |0 2 |1 0 |4 0 |6 370_000000000000000_DAL |7 0 |9 338822 |a PSY |b PSY |c GEN |d 2020-12-03 |l 0 |o 370 DAL |p PSY4639 |r 2020-12-03 |w 2020-12-03 |y BK | ||